| 000 | 00428nam a2200181Ia 4500 | ||
|---|---|---|---|
| 001 | 1548 | ||
| 005 | 20260306143736.0 | ||
| 008 | 260306t2009||||xx |||||||||||||| ||spa|| | ||
| 041 | _aESP | ||
| 082 |
_a150.9 _bG366 |
||
| 100 |
_aGoodwin, James _eAUT |
||
| 245 | 0 | _aHistoria de la psicologĂa moderna | |
| 260 | _c2009 | ||
| 300 |
_axv, 537 páginas : _c24 cm. |
||
| 650 | _aGEN | ||
| 654 | _aCPS | ||
| 942 |
_cLIB _dJUS _fJUS _2ddc _n |
||
| 999 |
_c1548 _d1548 |
||